[Event "Kirov Arakelian Memorial-B 5th"]
[Site "Kirov"]
[Date "2015.05.15"]
[Round "9"]
[White "Prutyanu, Daniil"]
[Black "Savinykh, Sergey"]
[Result "0-1"]
[WhiteElo "1747"]
[BlackElo "2045"]
[PlyCount "32"]
[EventDate "2015.05.03"]
[EventType "tourn"]
[EventRounds "9"]
[EventCountry "RUS"]
[SourceTitle "EXT 2018"]
[Source "ChessBase"]
[SourceDate "2017.10.13"]
[SourceVersion "1"]
[SourceVersionDate "2017.10.13"]
[SourceQuality "1"]

1. e4 c5 2. c3 Nf6 3. e5 Nd5 4. Nf3 Nc6 5. d4 cxd4 6. cxd4 d6 7. Bc4 Nb6 8. Bxf7+ Kxf7 9. Ng5+ Ke8 10. Qf3 Nxd4 11. Qf7+ Kd7 12. 0-0 Kc7 13. exd6+ Qxd6 14. Nc3 Bd7 15. Nge4 Qg6 16. Nd5+ Kd8 0-1

[Event "Kirov Arakelian Memorial-B 5th"]
[Site "Kirov"]
[Date "2015.05.11"]
[Round "7"]
[White "Prutyanu, Daniil"]
[Black "Smirnov, Alexandr A"]
[Result "0-1"]
[WhiteElo "1747"]
[BlackElo "1686"]
[PlyCount "118"]
[EventDate "2015.05.03"]
[EventType "tourn"]
[EventRounds "9"]
[EventCountry "RUS"]
[SourceTitle "EXT 2018"]
[Source "ChessBase"]
[SourceDate "2017.10.13"]
[SourceVersion "1"]
[SourceVersionDate "2017.10.13"]
[SourceQuality "1"]

1. e4 e6 2. d4 d5 3. e5 c5 4. c3 Nc6 5. Nf3 Qb6 6. Bd3 Bd7 7. Bc2 Nge7 8. 0-0 Ng6 9. Re1 Be7 10. Bb3 0-0 11. Ba4 a6 12. Qb3 Qxb3 13. Bxb3 c4 14. Bc2 b5 15. Be3 a5 16. Nbd2 b4 17. Rab1 Rfb8 18. Ba4 Ncxe5 19. Bxd7 Nxd7 20. Rec1 bxc3 21. Rxc3 Rb6 22. b3 Rab8 23. Ra1 Ba3 24. Rc2 cxb3 25. axb3 Bb4 26. Rc7 Nf6 27. Ne5 Bxd2 28. Bxd2 Nxe5 29. dxe5 Ne4 30. Bxa5 Rxb3 31. Rac1 h6 32. f3 Ng5 33. h4 Nh7 34. Rc8+ Nf8 35. R8c7 Ng6 36. Rc8+ Rxc8 37. Rxc8+ Kh7 38. Rc7 Nxe5 39. f4 Nc4 40. Be1 f6 41. Re7 e5 42. fxe5 Nxe5 43. Kh2 d4 44. Re8 d3 45. Rd8 Ng4+ 46. Kg1 Rb1 47. Kf1 Ne3+ 48. Kf2 Nxg2 49. Kxg2 Rxe1 50. Rxd3 Re4 51. Kg3 h5 52. Rd8 Kg6 53. Rd6 Kf5 54. Rd5+ Re5 55. Rd7 g6 56. Rh7 Re3+ 57. Kg2 Kg4 58. Rg7 Rg3+ 59. Kf2 Kxh4 0-1

[Event "Kirov Arakelian Memorial-B 5th"]
[Site "Kirov"]
[Date "2015.05.06"]
[Round "4"]
[White "Shustov, Dmitrij"]
[Black "Prutyanu, Daniil"]
[Result "1/2-1/2"]
[WhiteElo "1637"]
[BlackElo "1747"]
[PlyCount "20"]
[EventDate "2015.05.03"]
[EventType "tourn"]
[EventRounds "9"]
[EventCountry "RUS"]
[SourceTitle "EXT 2018"]
[Source "ChessBase"]
[SourceDate "2017.10.13"]
[SourceVersion "1"]
[SourceVersionDate "2017.10.13"]
[SourceQuality "1"]

1. e4 g6 2. d4 Bg7 3. Nc3 d6 4. Nf3 Bg4 5. Be2 Nc6 6. Be3 Bxf3 7. Bxf3 e5 8. dxe5 dxe5 9. 0-0 Nge7 10. Qxd8+ Rxd8 1/2-1/2